Loading...
| History - World | 0 | 4 | 1 | 3 | 35 | 74 | 122.00 | 1 | 1 | 3.39 | 9.52 |
| Philosophy | 0 | 2 | 0 | 1 | 20 | 104 | 124.00 | 0 | 1 | 2.96 | 11.43 |
| Literature - Long Fiction | 0 | 2 | 0 | 0 | 20 | 107 | 116.00 | 0 | 0 | 3.54 | 5.95 |
| Social Science | 0 | 2 | 1 | 1 | 15 | 83 | 118.00 | 0 | 1 | 2.61 | 6.67 |
| Geography | 1 | 1 | 2 | 0 | 15 | 53 | 78.50 | 0 | 2 | 11.54 | 16.07 |
| Mythology | 1 | 0 | 0 | 0 | 15 | 23 | 23.00 | 1 | 1 | 11.85 | 14.29 |
| History - Other | 0 | 1 | 0 | 1 | 10 | 152 | 152.00 | 0 | 0 | 0.11 | 2.38 |
| Religion | 0 | 1 | 0 | 1 | 10 | 139 | 139.00 | 0 | 0 | 0.09 | 1.79 |
| History - Ancient | 0 | 1 | 0 | 0 | 10 | 73 | 73.00 | 0 | 0 | 50.34 | 14.29 |
| Fine Arts - Classical Music | 0 | 1 | 0 | 0 | 10 | 103 | 103.00 | 0 | 0 | 2.54 | 1.43 |
| Other Academic | 0 | 1 | 0 | 0 | 10 | 141 | 141.00 | 0 | 0 | 0.66 | 5.71 |
| History - European | 0 | 1 | 1 | 0 | 5 | 97 | 97.00 | 0 | 0 | 2.71 | 4.29 |
| Fine Arts - Painting and Sculpture | 0 | 1 | 1 | 0 | 5 | 105 | 105.00 | 0 | 0 | 3.14 | 1.43 |
| Science - Biology | 0 | 0 | 1 | 0 | -5 | 0.00 | 0 | 0 | 0.00 | 0.00 | |
| Short Fiction and Other | 0 | 0 | 1 | 0 | -5 | 0.00 | 0 | 0 | 0.00 | 0.00 | |
| Fine Arts - Other | 0 | 0 | 1 | 0 | -5 | 0.00 | 0 | 0 | 0.00 | 0.00 |